LEADER 00885cam0-2200289 --450 001 9910492350203321 005 20210909103432.0 010 $a978-88-95842-51-6 020 $aIT$b2010-3980 100 $a20210909d2010----km y0itay50 ba 101 0 $aita 102 $aIT 105 $ay 001yy 200 1 $a<>storia in dieci processi$eSocrate, Gesù, Giovanna d'Arco, Dreyfus, Landru, Sacco e Vanzetti, Norimberga, i coniugi Rosenberg, Berlusconi$fRemo Bassetti 210 $aRoma$cNutrimenti$d2010 215 $a159 p.$d21 cm 225 1 $aIgloo$v36 610 0 $aCasi giudiziari 676 $a340.115$v23$zita 700 1$aBassetti,$bRemo$0263418 801 0$aIT$bUNINA$gREICAT$2UNIMARC 901 $aBK 912 $a9910492350203321 952 $aCollez. 2605 (36)$b51/2020$fFSPBC 959 $aFSPBC 996 $aStoria in dieci processi$91352859 997 $aUNINA LEADER 01055nam a22002651i 4500 001 991000894939707536 005 20021104154752.0 008 021104s1982 it |||||||||||||||||ita 035 $ab12070488-39ule_inst 035 $aARCHE-016028$9ExL 040 $aDip.to Filologia Ling. e Lett.$bita$cA.t.i. Arché s.c.r.l. Pandora Sicilia s.r.l. 082 04$a785.42 100 1 $aMezzrow, Milton$0449961 245 10$aEcco i blues /$cMilton Mezzrow ; con la collaborazione di Bernard Wolfe ; traduzione di Enzo Giachino ; prefazione di Arrigo Polillo 260 $aMilano :$bA. Mondadori,$c1982 300 $a206 p. ;$c19 cm 440 4$aGli Oscar.$pDocumenti ;$v1493 650 4$aJazz$aChicago$y1920-1930$aDiari e memorie 700 1 $aWolfe, Bernard 907 $a.b12070488$b02-04-14$c01-04-03 912 $a991000894939707536 945 $aLE008 Cr M VI 59$g1$i2008000236977$lle008$o-$pE0.00$q-$rl$s- $t0$u0$v0$w0$x0$y.i12367709$z01-04-03 996 $aEcco i blues$9139302 997 $aUNISALENTO 998 $ale008$b01-04-03$cm$da $e-$fita$git $h0$i1 LEADER 02538nam 2200517Ia 450 001 996385622303316 005 20231219231257.0 035 $a(CKB)4940000000078860 035 $a(EEBO)2240973716 035 $a(OCoLC)ocm12757085e 035 $a(OCoLC)12757085 035 $a(EXLCZ)994940000000078860 100 $a19851104d1686 uy | 101 0 $aeng 135 $aurbn#|||a|bb| 200 14$aThe gentlemans recreation$b[electronic resource] $ein two parts : the first being an encyclopedy of the arts and sciences ... the second part treats of horsmanship, hawking, hunting, fowling, fishing, and agriculture : with a short treatise of cock-fighting ... : all which are collected from the most authentick authors, and the many gross errors therein corrected, with great enlargements ... : and for the better explanation thereof, great variety of useful sculptures, as nets, traps, engines, &c. are added for the taking of beasts, fowl and fish : not hitherto published by any : the whole illustrated with about an hundred ornamental and useful sculptures engraven in copper, relating to the several subjects 210 $aLondon $cPrinted by S. Roycroft for Richard Blome ...$d1686 215 $a2 pts. ([16], 236, [1], 280, [4] p., [103] leaves of plates $cill., charts, coats of arms, plans 300 $aAdded engraved t.p. 300 $aDedication signed: Richard Blome. 300 $aPart 2 has special t.p. and separate paging with imprint: London : Printed for the Undertaker Richard Blome, 1686. 300 $aReproduction of original in Huntington Library. 300 $aApprobation of Charles II, "given ... the 14th day of February 1682/3," first preliminary leaf; engraved coats of arms of the "Benefactors to this work," f. 1-10. 330 $aeebo-0113 606 $aEncyclopedias and dictionaries$vEarly works to 1800 606 $aSports$zGreat Britain 606 $aAgriculture$vEarly works to 1800 606 $aScience$vEarly works to 1800 606 $aHunting$vEarly works to 1800 606 $aVeterinary medicine$vEarly works to 1800 615 0$aEncyclopedias and dictionaries 615 0$aSports 615 0$aAgriculture 615 0$aScience 615 0$aHunting 615 0$aVeterinary medicine 700 $aBlome$b Richard$f1635-1705.$01005190 801 0$bEAA 801 1$bEAA 801 2$bm/c 801 2$bUMI 801 2$bWaOLN 906 $aBOOK 912 $a996385622303316 996 $aThe gentlemans recreation$92310667 997 $aUNISA LEADER 01560nam 2200457 450 001 9910796501303321 005 20230808202237.0 010 $a80-210-8731-5 035 $a(CKB)3790000000542507 035 $a(MiAaPQ)EBC5199786 035 $a(Au-PeEL)EBL5199786 035 $a(CaPaEBR)ebr11485785 035 $a(OCoLC)1017005902 035 $a(EXLCZ)993790000000542507 100 $a20180125h20162016 uy 0 101 0 $acze 135 $aurcnu|||||||| 181 $2rdacontent 182 $2rdamedia 183 $2rdacarrier 200 10$aStarsi? de?jiny Vietnamu a C?ampy /$fOndr?ej Srba, Michal Schwarz 210 1$aBrno, [Czech Republic] :$cFilozoficka? fakulta, Masarykova univerzita,$d2016. 210 4$d©2016 215 $a1 online resource (207 pages) $cillustrations, tables 225 1 $aOpera Facultatis Philosophicae Universitatis Masarykianae,$x1211-3034 ;$vNumber 460 =$aSpisy Filozoficke? Fakulty Masarykovy Univerzity 311 $a80-210-8491-X 320 $aIncludes bibliographical references. 410 0$aSpisy Masarykovy univerzity v Brno, Filozoficka? fakulta ;$vNumber 460. 607 $aVietnam$xHistory$yTo 939 607 $aVietnam$xHistory$y939-1428 607 $aChampa (Extinct city)$xHistory 676 $a959.703 700 $aSrba$b Ondr?ej$f1986-$01510565 702 $aSchwarz$b Michal 801 0$bMiAaPQ 801 1$bMiAaPQ 801 2$bMiAaPQ 906 $aBOOK 912 $a9910796501303321 996 $aStarsi? de?jiny Vietnamu a C?ampy$93743325 997 $aUNINA LEADER 04517nam 22006135 450 001 9910631088403321 005 20251008135053.0 010 $a3-031-14781-2 024 7 $a10.1007/978-3-031-14781-4 035 $a(MiAaPQ)EBC7141222 035 $a(Au-PeEL)EBL7141222 035 $a(CKB)25361051800041 035 $a(OCoLC)1351195024 035 $a(DE-He213)978-3-031-14781-4 035 $a(PPN)26635498X 035 $a(EXLCZ)9925361051800041 100 $a20221115d2023 u| 0 101 0 $aeng 135 $aurcnu|||||||| 181 $ctxt$2rdacontent 182 $cc$2rdamedia 183 $acr$2rdacarrier 200 10$aFeminist Approaches to Law $eTheoretical and Historical Insights /$fedited by Dragica Vujadinovi?, Antonio Álvarez del Cuvillo, Susanne Strand 205 $a1st ed. 2023. 210 1$aCham :$cSpringer International Publishing :$cImprint: Springer,$d2023. 215 $a1 online resource (164 pages) 225 1 $aGender Perspectives in Law,$x2731-8354 ;$v1 311 08$aPrint version: Vujadinovi?, Dragica Feminist Approaches to Law Cham : Springer International Publishing AG,c2022 9783031147807 320 $aIncludes bibliographical references and index. 327 $a1 Feminist Reconsideration of Political Theories -- 2 The Concept of Gender in Law -- 3 Critical Race Feminism: A Different Approach to Feminist Theory -- 4 Queer Legal Theory -- 5 Challenging Patriarchalism in the Family. Law Reform and Female Protest in 19th and 20th Century Europe -- 6 Adultery as a Crime in the Western World and Beyond: From a Man?s Property to (In)Fidelity, From Discrimination to Decriminalization. 330 $aThis book raises awareness about gender perspective in political and legal theories and historical analysis. The impacts of feminist political and legal theories, as well as critical legal studies, have been embedded in all the papers in different ways and degrees. Differences among feminist political and legal ideas are visible in the different approaches. The ongoing issue of defining gender, for example, is a recurring theme in the texts. Some papers question the binary basis of the gender issue and the notion of gender as such, while others start from the binary dichotomy and attempt to expand the consideration towards a multi-dimensional understanding of gender identities. The main focus is on a feminist reconsideration of all relevant fields of legal knowledge. The primary aim is to demystify the seemingly neutral character of legal norms and legal knowledge and highlight the power relations at different layers, beginning with male and female legal subjects of Western heredity (in terms of culture, ethnicity, and race), then moving on to different needs and power relations among female persons of different races and classes, and finally addressing differentiating gender relations and identities beyond the framework of the women-men binary codification, i.e., also taking into consideration the multiple options of intersex, transgender, queering, etc. Taking seriously the issue of the ?maleness? of political and legal theories is indeed a challenging and relevant endeavor for legal scholars. The male bias is present not only throughout history but also in the present, given that our ?universal? categories of political and legal thought are still overburdened by unequal power relations. It is also important to open our minds and knowledge production for a gender-sensitive and gender-competent intersectional approach, which would also include various queer-, race- and class-based considerations. These tasks should be of interest not only tocritical legal scholars but also all those belonging to mainstream legal and political thought. 410 0$aGender Perspectives in Law,$x2731-8354 ;$v1 606 $aLaw$xPhilosophy 606 $aLaw$xHistory 606 $aSex 606 $aTheories of Law, Philosophy of Law, Legal History 606 $aGender Studies 615 0$aLaw$xPhilosophy. 615 0$aLaw$xHistory. 615 0$aSex. 615 14$aTheories of Law, Philosophy of Law, Legal History. 615 24$aGender Studies. 676 $a305.42 676 $a340.082 702 $aA?lvarez del Cuvillo$b Antonio 702 $aStrand$b Susanne 702 $aVujadinovic?$b Dragica 801 0$bMiAaPQ 801 1$bMiAaPQ 801 2$bMiAaPQ 906 $aBOOK 912 $a9910631088403321 996 $aFeminist approaches to law$93083858 997 $aUNINA